Manual de los sistemas de información: análisis, requisitos y su determinación, diseño y desarrollo, implantación y su evaluación

-д хадгалсан:
Номзүйн дэлгэрэнгүй
Үндсэн зохиолчид: Hartman, W (Зохиогч), Matthes, H (Зохиогч), Proeme, A (Зохиогч)
Формат: Ном
Хэл сонгох:испани
Хэвлэсэн: Madrid Paraninfo 1980
Хэвлэл:3a. ed
Цуврал:Biblioteca técnica Philips
Нөхцлүүд:
Шошгууд: Шошго нэмэх
Шошго байхгүй, Энэхүү баримтыг шошголох эхний хүн болох!

MARC

LEADER 00000nam a2200000 a 4500
001 UCV5565
003 CL-VaPUC
008 911025e19800000SP |||||||||||||||||spa|d
082 0 4 |a 658.403  |b HAR  |2 21 
100 |a Hartman, W  |e author  |9 365211 
700 0 |a Matthes, H  |e author  |9 299873 
700 0 |a Proeme, A  |e author  |9 299874 
245 1 0 |a Manual de los sistemas de información: análisis, requisitos y su determinación, diseño y desarrollo, implantación y su evaluación 
250 |a 3a. ed 
300 |a v 
942 |c BK 
945 |d 19911025 00:00:00 
260 |a Madrid  |b Paraninfo  |c 1980 
650 0 |a Sistemas de información en administración  |9 260041 
650 0 |a Administración de sistemas de información   |9 262380 
650 0 |a Ingeniería de sistemas   |9 261019 
583 |a last modification  |c 19911025 00:00:00  |k Rodrigo Vera 
490 0 |a Biblioteca técnica Philips 
999 |c 212039  |d 212037 
952 |0 0  |1 0  |4 0  |6 658_403000000000000_HAR_1980  |7 0  |8 A  |9 192380  |a BIBING  |b BIBING  |d 2019-11-14  |h v.6  |i 2598191  |o 658.403 HAR 1980  |p 2598191  |r 2025-01-20  |w 2019-11-14  |y BK  |k CCI